Detection of cyber security incidents using Large Language Model

Uložené v:
Podrobná bibliografia
Hlavný autor: Ondruš, Tomáš (Autor)
Ďalší autori: Ralbovský, Andrej (Vedúci práce)
Médium: Rukopis Kniha
Jazyk:Slovak
English
Vydavateľské údaje: 2025
Predmet:
On-line prístup:http://is.stuba.sk/zp/portal_zp.pl?podrobnosti=184059
Tagy: Pridať tag
Žiadne tagy, Buďte prvý, kto otaguje tento záznam!

MARC

LEADER 00000ntm a22000003a 4500
001 stuzp105884
003 SK-STU
005 20250607211943.3
007 ta
008 150427s2015----xo-----f-mn---000-0-slo-d
040 |a STU  |b slo 
041 0 |a eng 
100 1 |a Ondruš, Tomáš  |u 070400  |4 aut  |U FIIT Fakulta informatiky a informačných technológií  |T FIIT Ústav počítačového inžinierstva a aplikovanej informatiky  |X 110863  |U I400  |Y 672  |7 110863 
242 0 1 |a Detekcia kybernetických bezpečnostných incidentov použitím veľkých jazykových modelov  |y slo 
245 1 0 |a Detection of cyber security incidents using Large Language Model 
260 |c 2025 
650 4 |a LLM  |2 eng 
650 4 |a Llama 3.2  |2 eng 
650 4 |a Cyber security  |2 eng 
650 4 |a Llama 3.2  |2 slo 
650 4 |a kyberbezpečnosť  |2 slo 
650 4 |a LLM  |2 slo 
700 1 |a Ralbovský, Andrej  |u 070400  |k Z9  |4 ths  |U FIIT Fakulta informatiky a informačných technológií  |T FIIT Ústav počítačového inžinierstva a aplikovanej informatiky  |X 55756  |U I400  |Y 672  |7 A000055756 
856 4 |u http://is.stuba.sk/zp/portal_zp.pl?podrobnosti=184059